000 00273nam a2200109Ia 4500
008 220204s9999 xx 000 0 und d
082 _a82-3
_bMAR
100 _aMarquez, Gabriel Garcia
245 0 _aChronicle of a death foretold
260 _aLondon
_bPan
_c1983
942 _cBK
999 _c38572
_d38572